[Event "29.DSenEM2017 Gruppe B"]
[White "Gebuhr, Günter"]
[Black "John, Bernd"]
[Site ""]
[Round "1.1"]
[Annotator ""]
[Result "1-0"]
[Date "2017.08.08"]
[WhiteElo "1945"]
[BlackElo "1762"]
[PlyCount "89"]

1. e4 e5 2. Nf3 Nc6 3. Bb5 d6 4. 0-0 Nf6 5. d4 Bd7 6. Nc3 Be7 7. d5 Nb8 8. Qe2 0-0 9. Bxd7 Nbxd7 10. h3 h6 11. Be3 a6 12. a4 Nh7 13. Qd3 Ng5 14. Nxg5 Bxg5 15. f4 exf4 16. Bxf4 Bxf4 17. Rxf4 Ne5 18. Qg3 Qg5 19. Qxg5 hxg5 20. Rf5 f6 21. b3 g6 22. Rf2 Kg7 23. Ne2 c5 24. dxc6 Nxc6 25. Rd1 Rad8 26. Nc3 f5 27. Rfd2 g4 28. hxg4 fxg4 29. Rxd6 Rxd6 30. Rxd6 Nb4 31. Rd7+ Kh6 32. Kh2 Nxc2 33. Kg3 Ne3 34. Rd3 Nf1+ 35. Kxg4 g5 36. Rd6+ Kh7 37. Nd5 Nd2 38. Nf6+ Rxf6 39. Rxf6 Kg7 40. e5 Nxb3 41. Kxg5 Nc5 42. Rb6 Nxa4 43. Rxb7+ Kf8 44. Kf6 Ke8 45. e6 {20% dieser
Partie in Let's Check enthalten. Keine Fehler oder Kombinationen gefunden.
Diese Partie sollte in Let's Check eingereicht oder analysiert werden.} 1-0

[Event "29.DSenEM2017 Gruppe B"]
[White "Reeh, Axel"]
[Black "Fischer, Paul"]
[Site ""]
[Round "1.8"]
[Annotator ""]
[Result "1-0"]
[Date "2017.08.08"]
[WhiteElo "1730"]
[BlackElo "1888"]
[PlyCount "42"]

1. d4 c5 2. d5 Nf6 3. Nc3 d6 4. e4 g6 5. Nf3 Bg7 6. Bb5+ Bd7 7. Qe2 a6 8. Bxd7+ Nbxd7 9. a4 Qc7 10. 0-0 0-0 11. h3 Rfb8 12. Bg5 h6 13. Bf4 Nh5 14. Be3 Kh7 15. g4 Nhf6 16. g5 Ng8 17. h4 h5 18. Nd2 Ne5 19. f4 Ng4 20. f5 Nxe3 21. Qxe3 Bd4 {
41% dieser Partie in Let's Check enthalten. Keine Fehler oder Kombinationen
gefunden. Diese Partie sollte in Let's Check eingereicht oder analysiert
werden.} 1-0

[Event "29.DSenEM2017 Gruppe B"]
[White "Cordes, Lothar"]
[Black "Rausch, Erik"]
[Site ""]
[Round "1.15"]
[Annotator ""]
[Result "1-0"]
[Date "2017.08.08"]
[WhiteElo "1871"]
[BlackElo "1700"]
[PlyCount "91"]

1. d4 Nf6 2. Nf3 d5 3. c4 e6 4. Nc3 c6 5. e3 Nbd7 6. Qc2 Bd6 7. b3 0-0 8. Bb2 Re8 9. Rd1 Nf8 10. Be2 Ng6 11. 0-0 Qe7 12. Rfe1 Bb4 13. Bf1 Ne4 14. Nd2 Nxd2 15. Qxd2 Qh4 16. g3 Qd8 17. Bg2 e5 18. cxd5 exd4 19. dxc6 Bg4 20. Qxd4 Bxd1 21. Nd5 Bf8 22. c7 Qd6 23. Rxd1 Ne7 24. Nxe7+ Qxe7 25. Bxb7 Qxc7 26. Bxa8 Rxa8 27. Rc1 Qe7 28. Qf4 Qe6 29. Rc7 Bd6 30. Qd4 Bf8 31. Rxa7 Rc8 32. Rd7 Qf5 33. Kg2 Rc2 34. e4 Rxf2+ 35. Qxf2 Qxd7 36. Qd4 Qg4 37. Qd3 h5 38. a3 h4 39. h3 Qg6 40. g4 Bd6 41. b4 Bg3 42. b5 Qe6 43. Qd4 Qh6 44. b6 Be5 45. Qd8+ Kh7 46. Bxe5 {
21% dieser Partie in Let's Check enthalten. Keine Fehler oder Kombinationen
gefunden. Diese Partie sollte in Let's Check eingereicht oder analysiert
werden.} 1-0

[Event "29.DSenEM2017 Gruppe B"]
[White "Hoose, Hannelore"]
[Black "Künitz, Bernhard"]
[Site ""]
[Round "1.18"]
[Annotator "hugo50"]
[Result "0-1"]
[Date "2017.08.08"]
[WhiteElo "1685"]
[BlackElo "1864"]
[PlyCount "70"]

1. Nf3 Nc6 2. b3 e5 3. e4 Bc5 4. Bb2 d6 5. Bb5 Bd7 6. 0-0 a6 7. Be2 Nf6 8. d3 0-0 9. Nbd2 Re8 10. a4 d5 11. exd5 Nxd5 12. Ne4 Ba7 13. Ned2 Nf4 14. Ne4 f5 15. Ng3 h5 16. h4 g6 17. Qd2 Nxe2+ 18. Qxe2 Nd4 19. Bxd4 Bxd4 20. Rad1 Bc6 21. c4 b5 22. axb5 axb5 23. Ng5 Qf6 24. Rb1 Re7 25. cxb5 Bxb5 26. Qd1 e4 27. Re1 Bxd3 28. Rc1 Qb6 29. Qd2 e3 30. Qxd3 exf2+ 31. Kf1 fxe1=Q+ 32. Rxe1 Rxe1+ 33. Kxe1 Qb4+ 34. Ke2 Ra2+ 35. Kd1 Ra1+ {16% dieser Partie in Let's Check enthalten.
Keine Fehler oder Kombinationen gefunden. Diese Partie sollte in Let's Check
eingereicht oder analysiert werden.} 0-1

[Event "29.DSenEM2017 Gruppe B"]
[White "Roth, Heinz Georg"]
[Black "Huber, Helmut"]
[Site ""]
[Round "1.19"]
[Annotator "RR"]
[Result "1-0"]
[Date "2017.08.08"]
[WhiteElo "1861"]
[BlackElo "1679"]
[PlyCount "93"]

1. e4 c5 2. c3 d5 3. exd5 Nf6 4. d4 cxd4 5. c4 $6 (5. Bb5+ Bd7 6. Bc4 $14 )b5 6. Qxd4 e6 7. Nc3 Bb4 8. cxb5 Bxc3+ 9. bxc3 Qxd5 10. Nf3 0-0 11. Bc4 Qe4+ 12. Be3 Nbd7 13. Qxe4 Nxe4 14. Bd4 Ndf6 15. 0-0 Bb7 16. Be2 Rac8 17. Rac1 Nd5 18. c4 Nf4 19. Rfe1 Nc5 20. Rc3 Rfd8 21. Be3 Nxe2+ 22. Rxe2 Rd1+ 23. Ne1 Ne4 24. Rcc2 Nc5 25. Rcd2 Rxd2 26. Rxd2 h6 27. f3 Kh7 28. Kf2 Rc7 29. Ke2 e5 30. Nd3 Nxd3 31. Kxd3 Bc8 32. a4 Bf5+ 33. Kc3 Be6 34. c5 f5 35. Kb4 f4 36. Bf2 Kg6 37. g3 Kf5 38. a5 e4 39. fxe4+ Kxe4 40. Rd4+ Kf3 41. Rxf4+ Kg2 42. b6 axb6 43. axb6 Rd7 44. c6 Rd1 45. b7 Rb1+ 46. Kc5 Kxh2 47. Rb4 {10% dieser Partie in
Let's Check enthalten. Diese Partie sollte in Let's Check eingereicht oder
analysiert werden.} 1-0

[Event "29.DSenEM2017-Gruppe-B"]
[White "Roggenbach, Ottomar"]
[Black "Eidam, Horst"]
[Site "Berlin"]
[Round "2.7"]
[Annotator "RR"]
[Result "1/2-1/2"]
[Date "2017.08.09"]
[WhiteElo "1787"]
[BlackElo "1884"]
[PlyCount "44"]

1. e4 c5 2. d4 cxd4 3. c3 dxc3 4. Nxc3 Nc6 5. Bc4 e6 6. Bf4 a6 7. Nf3 d6 8. 0-0 Nf6 9. Qe2 Be7 10. Rfd1 0-0 11. Rac1 Qc7 12. Bb3 Qb8 13. h3 Rd8 $6 (13... Ne5 14. Bg3 b5 $15 )14. Na4 Na5 15. Nb6 Nxb3 16. axb3 Bd7 17. Nxa8 Qxa8 18. Qe3 Bc6 19. Bg5 b5 20. Nd2 h6 21. Bh4 g5 22. Bg3 d5 {60% dieser Partie in Let's Check
enthalten. Diese Partie sollte in Let's Check eingereicht oder analysiert
werden.} 1/2-1/2

[Event "29.DSenEM2017-Gruppe-B"]
[White "Moews, Harald"]
[Black "Josting, Friedel"]
[Site "Berlin"]
[Round "2.8"]
[Annotator ""]
[Result "0-1"]
[Date "2017.08.09"]
[WhiteElo "1785"]
[BlackElo "1875"]
[PlyCount "155"]

1. e4 c5 2. d3 d6 3. Be2 g6 4. c4 Bg7 5. Nc3 Nc6 6. Nf3 Nf6 7. h3 a6 8. a4 Bd7 9. 0-0 0-0 10. Bg5 Rb8 11. Qd2 Nd4 12. Bd1 b5 13. Nxd4 cxd4 14. Ne2 bxc4 15. Bxf6 Bxf6 16. dxc4 Qb6 17. Rb1 Rfc8 18. b3 Bxa4 19. Bc2 Bc6 20. Qd3 e5 21. f4 Bg7 22. g4 exf4 23. Nxf4 Re8 24. Rbe1 Rb7 25. Nd5 Bxd5 26. exd5 Rbe7 27. Rxe7 Rxe7 28. Rf3 Qb4 29. Kg2 Qe1 30. Rf1 Qh4 31. Qg3 Re2+ 32. Rf2 Qe7 33. Rxe2 Qxe2+ 34. Qf2 Qe5 35. Bd3 Bh6 36. Qf3 Be3 37. h4 Kg7 38. Qe4 Qf6 39. g5 Qf2+ 40. Kh3 Bf4 41. Qg2 Qe3+ 42. Kg4 Qxd3 43. Kxf4 Qe3+ 44. Kg4 Qe5 45. Qf3 a5 46. Qd3 f5+ 47. gxf6+ Kxf6 48. Qd2 h5+ 49. Kf3 Kg7 50. Qxa5 Qf6+ 51. Kg3 d3 52. Qa7+ Kg8 53. Qe3 Qe5+ 54. Kf3 Qf5+ 55. Kg2 Qg4+ 56. Kf1 Qxh4 57. Qxd3 Qf4+ 58. Ke2 Qe5+ 59. Kd1 Qa1+ 60. Kc2 Qa2+ 61. Kc3 Qa1+ 62. Kb4 Qg1 63. Kb5 Qc5+ 64. Ka4 Qa7+ 65. Kb4 Qc5+ 66. Kc3 Qg1 67. b4 h4 68. Qe4 Qg3+ 69. Kc2 h3 70. c5 Qg2+ 71. Kd3 Qxe4+ 72. Kxe4 h2 73. cxd6 h1=Q+ 74. Ke5 Kf7 75. Kd4 Ke8 76. b5 Kd7 77. Ke5 Qh2+ 78. Kf6 {8% dieser Partie in Let's Check enthalten. Keine Fehler oder
Kombinationen gefunden. Diese Partie sollte in Let's Check eingereicht oder
analysiert werden.} 0-1

[Event "29.DSenEM2017-Gruppe-B"]
[White "Schmitthoefer, Herbert"]
[Black "Krug, Franz-Dieter"]
[Site "Berlin"]
[Round "2.17"]
[Annotator ""]
[Result "1-0"]
[Date "2017.08.09"]
[WhiteElo "1843"]
[BlackElo "1598"]
[PlyCount "115"]

1. d4 e6 2. c4 c6 3. Nf3 Nf6 4. Nc3 h6 5. e4 Be7 6. e5 Nh7 7. Bd3 0-0 8. 0-0 Ng5 9. Qe2 Nxf3+ 10. Qxf3 f6 11. Bxh6 f5 12. Qg3 Rf7 13. Be3 Bh4 14. Qg6 Qe8 15. g3 Bd8 16. g4 Rf8 17. Qxe8 Rxe8 18. gxf5 Kf7 19. fxe6+ dxe6 20. f4 Be7 21. Ne4 Rh8 22. c5 Na6 23. a3 Nc7 24. Ng5+ Kg8 25. Bc4 Nd5 26. Bxd5 cxd5 27. b4 Bd7 28. a4 Rf8 29. b5 g6 30. Rac1 Bxg5 31. fxg5 Rxf1+ 32. Rxf1 Rh3 33. Re1 Rf3 34. Kg2 Rf5 35. h4 Rf8 36. Rb1 Re8 37. a5 Ra8 38. a6 bxa6 39. bxa6 Bc6 40. Bd2 Rc8 41. Kg3 Kf8 42. Kg4 Ke7 43. h5 gxh5+ 44. Kxh5 Rh8+ 45. Kg4 Rh2 46. Rb2 Kf7 47. Kg3 Rh8 48. Ba5 Kg6 49. Kg4 Rf8 50. Rh2 Rf1 51. Rh6+ Kf7 52. Rh7+ Kg6 53. Rxa7 Rg1+ 54. Kf3 Rxg5 55. Re7 Rf5+ 56. Ke3 Bb5 57. Rxe6+ Kf7 58. a7 {12% dieser
Partie in Let's Check enthalten. Keine Fehler oder Kombinationen gefunden.
Diese Partie sollte in Let's Check eingereicht oder analysiert werden.} 1-0

[Event "29.DSenEM2017-Gruppe-B"]
[White "Wiebke, Elfriede"]
[Black "Scholz, Herbert"]
[Site "Berlin"]
[Round "2.19"]
[Annotator "RR"]
[Result "0-1"]
[Date "2017.08.09"]
[WhiteElo "1267"]
[BlackElo "1814"]
[PlyCount "88"]

1. e4 d5 2. Bd3 e5 3. Nf3 $4 (3. exd5 Nf6 4. Nc3 $11 )Bg4 4. 0-0 Nf6 5. h3 Bh5 6. Qe1 Bxf3 7. gxf3 d4 8. c3 c5 9. Bb5+ Nc6 10. d3 Nh5 11. Kh2 Bd6 12. cxd4 cxd4 13. Bxc6+ bxc6 14. Rg1 a5 15. a4 Qd7 16. Rg4 f5 17. exf5 Qxf5 18. Qe4 Qxe4 19. fxe4 0-0 20. Rg2 Rf3 21. Nd2 Rxd3 22. Nc4 Bc7 23. Bh6 Kf7 24. Bg5 h6 25. Bd2 Nf4 26. Bxf4 exf4 27. Re1 g5 28. e5 Ke6 29. h4 Rh8 30. Rg4 Kd5 31. Na3 Bxe5 32. Nc2 Rd2 33. Rxe5+ Kxe5 34. Ne1 Kf5 35. Rg2 g4 36. b3 Rb8 37. f3 Rxg2+ 38. Kxg2 g3 39. Nd3 Rxb3 40. Nc5 Rb2+ 41. Kf1 Rf2+ 42. Kg1 Rxf3 43. Kg2 Rc3 44. Nb7 f3+ {6% dieser Partie in Let's Check enthalten. Diese Partie sollte in Let's
Check eingereicht oder analysiert werden.} 0-1

[Event "29.DSenEM2017-Gruppe-B"]
[White "Supplieth, Peter"]
[Black "Scholz, Herbert"]
[Site "Berlin"]
[Round "3.2"]
[Annotator "RR"]
[Result "0-1"]
[Date "2017.08.10"]
[WhiteElo "1917"]
[BlackElo "1814"]
[PlyCount "42"]

1. e4 d5 2. exd5 Nf6 3. d4 Bg4 4. f3 Bf5 5. c4 e6 6. dxe6 Nc6 7. d5 $2 (7. Be3 Qe7 8. Nc3 $11 )Nb4 $19 8. exf7+ Kxf7 9. Na3 Bc5 10. Be2 Re8 11. Kf1 Nh5 12. Bd2 $2 (12. Qd2 Qh4 13. Qe1 $19 )Qh4 13. Be1 Qf6 14. Bxb4 Bxb4 15. Nb5 Qxb2 16. Nd4 Rxe2 17. Ngxe2 Bd3 18. Ne6 Bxe2+ 19. Qxe2 Qxa1+ 20. Kf2 Qxh1 21. Qe5 Qe1+ {67% dieser Partie in Let's Check enthalten. Diese Partie sollte
in Let's Check eingereicht oder analysiert werden.} 0-1

[Event "29.DSenEM2017-Gruppe-B"]
[White "Zotin, Vladimir"]
[Black "Komeinda, Josef"]
[Site "Berlin"]
[Round "3.3"]
[Annotator "RR"]
[Result "1-0"]
[Date "2017.08.10"]
[WhiteElo "1886"]
[BlackElo "1644"]
[PlyCount "116"]

1. e4 c5 2. Nf3 d6 3. d4 cxd4 4. Nxd4 Nf6 5. Nc3 e5 6. Bb5+ Bd7 7. Nf5 $6 (7. Bxd7+ Qxd7 8. Nde2 $14 )Bxb5 $15 8. Nxb5 Qa5+ 9. Nc3 Nxe4 10. Qf3 Nxc3 11. Bd2 Qd5 12. Qxc3 Nc6 13. 0-0-0 Qe6 14. Ng3 g6 15. Kb1 Bg7 16. h4 0-0 17. Ne4 Rfc8 18. Qa3 Nd4 19. Bc3 Nb5 20. Qb4 Nxc3+ 21. Nxc3 Rc6 22. Qxb7 Rac8 23. Nd5 Bf8 24. c3 Qf5+ 25. Ka1 Qc2 26. Nb4 R6c7 27. Qf3 Qf5 28. Qe2 a5 29. Nd5 Rb7 30. g4 Qe6 31. g5 Rcb8 32. Rd2 Bg7 33. h5 Rb5 34. Nc7 Qd7 35. Nxb5 Qxb5 36. Qxb5 Rxb5 37. Rxd6 gxh5 38. Rd8+ Bf8 39. c4 Rb7 40. Rxh5 Kg7 41. Rxf8 Kxf8 42. Rxh7 Kg8 43. g6 Rd7 44. a3 Rd1+ 45. Ka2 fxg6 46. Ra7 e4 47. Rxa5 Re1 48. Ra7 Re2 49. c5 Rxf2 50. c6 Rc2 51. c7 e3 52. Ra8+ Kf7 53. c8=Q Rxc8 54. Rxc8 Ke7 55. Rc3 Kf6 56. Rxe3 g5 57. a4 Kf5 58. a5 Kf4 {17% dieser Partie in Let's Check
enthalten. Diese Partie sollte in Let's Check eingereicht oder analysiert
werden.} 1-0

[Event "29.DSenEM2017-Gruppe-B"]
[White "Cordes, Lothar"]
[Black "Merettig, Georg"]
[Site "Berlin"]
[Round "3.11"]
[Annotator ""]
[Result "1-0"]
[Date "2017.08.10"]
[WhiteElo "1871"]
[BlackElo "1779"]
[PlyCount "59"]

1. c4 Nc6 2. d4 e5 3. d5 Nce7 4. Nc3 f5 5. e4 d6 6. Bg5 f4 7. g3 h6 8. Bxe7 Qxe7 9. Qh5+ Kd8 10. Bh3 Nf6 11. Qg6 h5 12. Bxc8 Rxc8 13. Nf3 Rh6 14. Qf5 g6 15. Qh3 fxg3 16. Qxg3 c6 17. Ng5 cxd5 18. cxd5 h4 19. Qh3 Qd7 20. Ne6+ Ke7 21. Qe3 Rh5 22. Rg1 Bh6 23. Qxa7 Rxc3 24. bxc3 Nxe4 25. Rb1 Bd2+ 26. Ke2 Rf5 27. Rxb7 Rxf2+ 28. Qxf2 Nxf2 29. Rxd7+ Kxd7 30. Kxd2 {20% dieser Partie in Let's
Check enthalten. Keine Fehler oder Kombinationen gefunden. Diese Partie sollte
in Let's Check eingereicht oder analysiert werden.} 1-0

[Event "29.DSenEM2017-Gruppe-B"]
[White "Scholtyssek, Werner"]
[Black "Schefter, Juergen"]
[Site "Berlin"]
[Round "3.12"]
[Annotator ""]
[Result "0-1"]
[Date "2017.08.10"]
[WhiteElo "1736"]
[BlackElo "1870"]
[PlyCount "70"]

1. c4 g6 2. Nf3 Bg7 3. e3 d6 4. d4 Nf6 5. Nc3 0-0 6. Bd3 a6 7. Qc2 Nc6 8. a3 Bg4 9. Ng5 e5 10. d5 Ne7 11. f3 Bd7 12. 0-0 Ne8 13. f4 exf4 14. exf4 Nf5 15. Nf3 Nf6 16. Bd2 Ng4 17. Bxf5 Bxf5 18. Qb3 Qd7 19. Rae1 c6 20. Ne2 cxd5 21. cxd5 Rac8 22. Nfd4 Be4 23. Qg3 Rc4 24. Bc3 Nh6 25. h3 Re8 26. Qf2 Bd3 27. Qf3 Bxd4+ 28. Nxd4 Bxf1 29. Qxf1 b5 30. g4 Rxe1 31. Qxe1 Kf8 32. Qh4 Ng8 33. Qxh7 Qa7 34. Kg2 Rxd4 35. Qh8 f6 {18% dieser Partie in Let's Check enthalten. Keine Fehler
oder Kombinationen gefunden. Diese Partie sollte in Let's Check eingereicht
oder analysiert werden.} 0-1

[Event "29.DSenEM2017-Gruppe-B"]
[White "Steppan, Siegfried"]
[Black "Gauer, Jakob"]
[Site "Berlin"]
[Round "3.16"]
[Annotator ""]
[Result "1/2-1/2"]
[Date "2017.08.10"]
[WhiteElo "1608"]
[BlackElo "1809"]
[PlyCount "43"]

1. d4 d5 2. c4 e6 3. Nc3 Nf6 4. Bg5 Be7 5. Nf3 h6 6. Bh4 0-0 7. Rc1 b6 8. cxd5 exd5 9. e3 Bb7 10. Be2 Nbd7 11. 0-0 Ne4 12. Bxe7 Qxe7 13. Nxe4 dxe4 14. Nd2 c5 15. Nb3 Bd5 16. Bc4 Bxc4 17. Rxc4 cxd4 18. Rxd4 Nf6 19. Qd2 Rfd8 20. Rd1 Rxd4 21. Nxd4 Re8 22. Re1 {59% dieser Partie in Let's Check enthalten. Keine Fehler
oder Kombinationen gefunden. Diese Partie sollte in Let's Check eingereicht
oder analysiert werden.} 1/2-1/2

[Event "29.DSenEM2017-Gruppe-B"]
[White "Kundt, Guenther"]
[Black "Fischer, Paul"]
[Site "Berlin"]
[Round "3.19"]
[Annotator "hugo50"]
[Result "1-0"]
[Date "2017.08.10"]
[WhiteElo "1732"]
[BlackElo "1888"]
[PlyCount "79"]

1. d4 c5 2. d5 Nf6 3. Nc3 d6 4. e4 g6 5. Nf3 Bg7 6. Bd3 a6 7. a4 Bd7 8. 0-0 0-0 9. Re1 Qc7 10. Bd2 Ng4 11. h3 Ne5 12. Nxe5 Bxe5 13. Qc1 c4 14. Bf1 f5 15. exf5 Rxf5 16. g4 Rf7 17. Be3 Qa5 18. Bxc4 Bxc3 19. bxc3 Qxc3 20. Bb3 a5 21. Qd2 Qxd2 22. Bxd2 h5 23. gxh5 gxh5 24. h4 b6 25. Bg5 Kf8 26. Bc4 Bf5 27. c3 Ra7 28. Re3 Nd7 29. Be2 Bg6 30. Re6 Ne5 31. f4 Bf5 32. fxe5 Bxe6 33. dxe6 Rf5 34. exd6 exd6 35. Rf1 Rxf1+ 36. Kxf1 Ra8 37. e7+ Kg7 38. Bxh5 d5 39. e8=Q Rxe8 40. Bxe8 {
17% dieser Partie in Let's Check enthalten. Keine Fehler oder Kombinationen
gefunden. Diese Partie sollte in Let's Check eingereicht oder analysiert
werden.} 1-0

[Event "29.DSenEM2017-Gruppe-B"]
[White "Schmidt, Gerhard"]
[Black "Klein, Reinhard"]
[Site "Berlin"]
[Round "3.20"]
[Annotator "hugo50"]
[Result "0-1"]
[Date "2017.08.10"]
[WhiteElo "1720"]
[BlackElo "1882"]
[PlyCount "71"]

1. e4 g6 2. d4 Bg7 3. Be3 d6 4. Bd3 Nf6 5. h3 0-0 6. Nd2 c6 7. c3 b5 8. f4 Bb7 9. Ngf3 a6 10. 0-0 Qc7 11. b4 Nbd7 12. Rc1 a5 13. c4 bxc4 14. Bxc4 axb4 15. e5 Nh5 16. g4 Ra3 17. Re1 dxe5 18. fxe5 Nhf6 19. Kf2 Ne8 20. e6 fxe6 21. Bxe6+ Kh8 22. Kg2 Nd6 23. Bf2 Nb5 24. Qe2 Nc3 25. Qc4 Nxa2 26. Rc2 Ba6 27. Qxc6 Qxc6 28. Rxc6 Nf6 29. Rb6 Bc8 30. Bc4 Nd7 31. Rbe6 Bb7 32. R6e3 Rxe3 33. Rxe3 Nc3 34. Rxe7 Bxf3+ 35. Nxf3 Nb6 36. Bb3 {18% dieser Partie in Let's Check enthalten.
Keine Fehler oder Kombinationen gefunden. Diese Partie sollte in Let's Check
eingereicht oder analysiert werden.} 0-1

[Event "29.DSenEM2017-Gruppe-B"]
[White "Gebuhr, Guenter"]
[Black "Goldinger, Josef"]
[Site ""]
[Round "4.6"]
[Annotator ""]
[Result "0-1"]
[Date "2017.08.11"]
[WhiteElo "1945"]
[BlackElo "1801"]
[PlyCount "68"]

1. e4 e6 2. d4 d5 3. Nc3 dxe4 4. Nxe4 Nf6 5. Nxf6+ Qxf6 6. Nf3 Nc6 7. Bg5 Qg6 8. Bd3 f5 9. c3 Bd6 10. g4 0-0 11. h4 h6 12. gxf5 exf5 13. Be3 Qf6 14. d5 Ne5 15. Nxe5 Bxe5 16. Qa4 f4 17. Bd2 Bf5 18. Bxf5 Qxf5 19. 0-0-0 Rad8 20. c4 a6 21. Rde1 b5 22. Qxa6 Bd6 23. Qxb5 Rb8 24. Qc6 Qd3 25. Bc3 f3 26. Rd1 Bf4+ 27. Bd2 Rb4 28. b3 Qc3+ 29. Kb1 Bxd2 30. Qe6+ Kh8 31. Rxd2 Qxd2 32. Qe1 Qd3+ 33. Kb2 Rbb8 34. Rg1 Rbe8 {26% dieser Partie in Let's Check enthalten. Keine Fehler
oder Kombinationen gefunden. Diese Partie sollte in Let's Check eingereicht
oder analysiert werden.} 0-1

[Event "29.DSenEM2017-Gruppe-B"]
[White "Schroeter, Reinhard"]
[Black "Supplieth, Peter"]
[Site ""]
[Round "4.7"]
[Annotator "RR"]
[Result "0-1"]
[Date "2017.08.11"]
[WhiteElo "1783"]
[BlackElo "1917"]
[PlyCount "42"]

1. d4 d5 2. Nf3 Nf6 3. c4 c6 4. cxd5 cxd5 5. Nc3 Nc6 6. Bf4 e6 7. a3 Be7 8. e3 Nh5 9. Be2 Nxf4 10. exf4 Bf6 11. Bb5 0-0 12. Bxc6 bxc6 13. Ne5 Ba6 14. Ne2 Qb6 15. b4 Rfd8 16. Ra2 Bc4 17. Rd2 a5 18. Qa4 (18. Rb2 axb4 19. axb4 $19 )Bb5 19. Qb3 axb4 20. axb4 Ra1+ 21. Rd1 Ba4 {65% dieser Partie in Let's Check
enthalten. Diese Partie sollte in Let's Check eingereicht oder analysiert
werden.} 0-1

[Event "29.DSenEM2017-Gruppe-B"]
[White "Metzger, Eberhard"]
[Black "Eidam, Horst"]
[Site ""]
[Round "4.8"]
[Annotator "RR"]
[Result "1/2-1/2"]
[Date "2017.08.11"]
[WhiteElo "1779"]
[BlackElo "1884"]
[PlyCount "47"]

1. e4 c5 2. Nc3 Nc6 3. Bb5 d6 4. Bxc6+ bxc6 5. d3 g6 6. f4 Bg7 7. Nf3 e6 8. 0-0 Ne7 $6 (8... Nh6 9. e5 f5 $11 )9. Qe1 0-0 10. Qh4 f5 11. Be3 Rb8 12. Rab1 Bd7 13. e5 Nd5 14. Qxd8 Rfxd8 15. Nxd5 cxd5 16. exd6 d4 17. Bd2 Bc6 18. Ne5 Rxd6 19. b4 cxb4 20. Bxb4 Bxe5 21. fxe5 Rd5 22. Bd6 Rdb5 23. Rxb5 Rxb5 24. Bc5 {
45% dieser Partie in Let's Check enthalten. Diese Partie sollte in Let's Check
eingereicht oder analysiert werden.} 1/2-1/2

[Event "29.DSenEM2017-Gruppe-B"]
[White "Klein, Reinhard"]
[Black "Nemoj, Ilja"]
[Site ""]
[Round "4.9"]
[Annotator ""]
[Result "1/2-1/2"]
[Date "2017.08.11"]
[WhiteElo "1882"]
[BlackElo "1775"]
[PlyCount "151"]

1. d4 c6 2. Nf3 d5 3. Bf4 Bf5 4. e3 e6 5. c4 Nf6 6. Nc3 Bd6 7. Ne5 Qe7 8. Qb3 0-0 9. Be2 Ne4 10. Nxe4 Bxe4 11. f3 Bxe5 12. Bxe5 Bg6 13. h4 f6 14. Bg3 Bf7 15. cxd5 exd5 16. Rc1 Re8 17. Bf2 Qc7 18. 0-0 Nd7 19. Bd3 Rad8 20. Qc2 Nf8 21. g4 Bg6 22. Kg2 Bxd3 23. Qxd3 Re6 24. b4 Qf7 25. Rce1 Rde8 26. a4 h5 27. Qf5 g6 28. Qf4 hxg4 29. Qxg4 f5 30. Qf4 Nh7 31. Rg1 Nf6 32. Kf1 Nh5 33. Qg5 Kh7 34. Bg3 Nxg3+ 35. Rxg3 f4 36. Rh3 Qf5 37. Qxf5 gxf5 38. Rh2 Rxe3 39. Rhe2 Rxf3+ 40. Kg2 Rg3+ 41. Kf2 Rge3 42. Rxe3 fxe3+ 43. Rxe3 Re4 44. Rf3 Kg6 45. h5+ Kg5 46. h6 Rh4 47. Re3 Kxh6 48. Re7 Rxd4 49. Rxb7 Kg5 50. a5 Kf4 51. a6 Rd2+ 52. Ke1 Rd4 53. Rxa7 Rxb4 54. Rc7 Ra4 55. Rxc6 Ke4 56. Kd2 Kd4 57. Rf6 Ra2+ 58. Kc1 Ke5 59. Rb6 f4 60. Kb1 Ra5 61. Kc2 Kd4 62. Rf6 Ke3 63. Re6+ Kf2 64. Kd3 f3 65. Kd4 Kf1 66. Rf6 f2 67. Re6 Kg2 68. Rg6+ Kf3 69. Rf6+ Ke2 70. Re6+ Kf1 71. Rg6 Ra1 72. Kxd5 Ke2 73. Re6+ Kd2 74. Rf6 f1=Q 75. Rxf1 Rxf1 76. Kc6 {9% dieser Partie in
Let's Check enthalten. Keine Fehler oder Kombinationen gefunden. Diese Partie
sollte in Let's Check eingereicht oder analysiert werden.} 1/2-1/2

[Event "29.DSenEM2017-Gruppe-B"]
[White "Peter, Volkhard"]
[Black "Bloi, Roland"]
[Site ""]
[Round "4.17"]
[Annotator ""]
[Result "1/2-1/2"]
[Date "2017.08.11"]
[WhiteElo "1836"]
[BlackElo "1554"]
[PlyCount "41"]

1. e4 c6 2. d4 d5 3. f3 dxe4 4. fxe4 Nf6 5. Nc3 Bg4 6. Qd3 h6 7. Be3 e6 8. Nf3 Bb4 9. h3 Bh5 10. Ne5 Nfd7 11. g4 Nxe5 12. dxe5 Bg6 13. Qxd8+ Kxd8 14. 0-0-0+ Kc7 15. Rd4 Bc5 16. Rd3 Bxe3+ 17. Rxe3 Nd7 18. Be2 Nxe5 19. h4 Rad8 20. h5 Bh7 21. Rd1 {28% dieser Partie in Let's Check enthalten. Keine Fehler oder
Kombinationen gefunden. Diese Partie sollte in Let's Check eingereicht oder
analysiert werden.} 1/2-1/2

[Event "29.DSenEM2017-Gruppe-B"]
[White "Mueller, Johannes"]
[Black "Woelbl, Josef"]
[Site ""]
[Round "5.7"]
[Annotator ""]
[Result "1-0"]
[Date "2017.08.12"]
[WhiteElo "1802"]
[BlackElo "1861"]
[PlyCount "45"]

1. e4 c5 2. Nc3 e6 3. f4 Nc6 4. Nf3 a6 5. a4 g6 6. Bc4 Bg7 7. 0-0 Nge7 8. g4 d5 9. Ba2 dxe4 10. Nxe4 b6 11. d3 Nd4 12. c3 Nxf3+ 13. Qxf3 Rb8 14. Be3 Bb7 15. Qh3 Qxd3 16. Ng5 Qd7 17. f5 gxf5 18. gxf5 h6 19. fxe6 fxe6 20. Nxe6 Ng6 21. Rae1 Nf8 22. Bxc5 Nxe6 23. Rxe6+ {32% dieser Partie in Let's Check enthalten.
Keine Fehler oder Kombinationen gefunden. Diese Partie sollte in Let's Check
eingereicht oder analysiert werden.} 1-0

[Event "29.DSenEM2017-Gruppe-B"]
[White "Eidam, Horst"]
[Black "John, Bernd"]
[Site ""]
[Round "5.10"]
[Annotator "RR"]
[Result "1-0"]
[Date "2017.08.12"]
[WhiteElo "1884"]
[BlackElo "1762"]
[PlyCount "105"]

1. e4 e5 2. Nf3 Nc6 3. Bc4 Bc5 4. 0-0 h6 5. c3 Nf6 $6 (5... Bb6 6. d4 exd4 $14 )6. d4 $16 exd4 7. cxd4 Bb6 8. e5 Nh7 9. d5 Na5 10. Bd3 0-0 11. b4 Nc6 12. dxc6 dxc6 13. Bxh7+ Kxh7 14. Qxd8 Rxd8 15. h3 Be6 16. Nc3 Rd3 17. Bb2 Bxh3 18. Ne1 Rxc3 19. Bxc3 Be6 20. a4 a6 21. Nf3 Rd8 22. a5 Ba7 23. Rad1 Bd5 24. Bd4 Bxf3 25. gxf3 Bxd4 26. Kg2 Rd5 27. f4 Bc3 28. Rxd5 cxd5 29. Rb1 c6 30. Rb3 d4 31. f5 Kg8 32. Kf3 Kf8 33. Ke4 Ke7 34. f4 h5 35. Kd3 h4 36. Rb1 h3 37. Rh1 Bxb4 38. Rxh3 Bxa5 39. Rh7 Kf8 40. Rh8+ Ke7 41. Rg8 Bb4 42. Rxg7 Kf8 43. Rh7 Kg8 44. Rh1 Bc5 45. Rg1+ Kf8 46. f6 Ke8 47. Rg8+ Kd7 48. f5 a5 49. Rg7 Ke8 50. e6 fxe6 51. fxe6 Bf8 52. Rg8 a4 53. e7 {20% dieser Partie in Let's Check enthalten. Diese
Partie sollte in Let's Check eingereicht oder analysiert werden.} 1-0